000 00438nam a2200157 i 4500
001 bg
100 1 _aBĄKOWSKI, Wojciech
245 0 _aZarządzanie systemowe ciężarowym transportem samochodowym /
_cWojciech Bąkowski.
260 _aWarszawa :
_bWKiŁ,
_c1976.
650 9 _aTransport samochodowy
_xekonomika
040 _cBPK
041 _apol
080 _a656.13:65.01
942 _cKS
008 s pl f |000 0 pol
999 _c17170
_d17170
856 _uhttp://koha.tu.koszalin.pl/cgi-bin/koha/opac-detail.pl?biblionumber=17170
_yKatalog online BPK